000 00417cam a2200157ua 4500
020 _cRs.26.25
041 _aeng
_h
082 _a954.03
_bPHI/EV
100 _aPhilips, C.H .
245 _aEvoluation of India and pakistan /
_cPhilips.
_hTextual Documents
260 _a :
_bThe Langiage book society and oxford ,
_c1965.
300 _a786 ; .
365 _aRs.26.25
504 _a
999 _c11565
_d11565